Bundesligisten 2025/26 nach Erfolgen - Statistiken

Allgemein
  • Dieses Quiz wurde 70 mal gespielt
  • Das Durchschnittsergebnis liegt bei 8 aus 18
Antwortstatistiken
Hint Antwort % Korrekt
1. (33 mal) Bayern München
96%
1. (1 mal, 2024) Bayer 04 Leverkusen
77%
1. (5 mal, zuletzt 2012) Borussia Dortmund
63%
1. (1 mal, 2009) VfL Wolfsburg
62%
1. (5 mal, zuletzt 1977) Borussia Mönchengladbach
52%
1. (3 mal, zuletzt 2007) VfB Stuttgart
52%
8. (1 mal) 1. FC Heidenheim
46%
10. (1 mal) FC St. Pauli
46%
1. (2 mal) 1. FC Köln
44%
5. (1 mal, 2015) FC Augsburg
44%
2. (2 mal) RB Leipzig
40%
4. (1 mal) 1. FC Union Berlin
38%
1. (3 mal, zuletzt 1983) Hamburger SV
37%
3. (1 mal, 2018) TSG Hoffenheim
35%
3. (1 mal, 1995) SC Freiburg
31%
5. (1 mal, 2011) 1. FSV Mainz 05
29%
1. (4 mal) SV Werder Bremen
29%
3. (6 mal) Eintracht Frankfurt
27%
Keine übereinstimmenden Quizze gefunden
Verteilung der Resultate
Anzahl Personen mit jedem Resultat
Perzentil nach korrekt beantworteten Fragen
Ihre Resultats-Entwicklung
Sie haben dieses Quiz noch nicht gespielt